Statistics for Religion in Bulgaria

Click here to take the quiz!

General Stats

  • This quiz has been taken 70 times
  • The average score is 4 of 7

Answer Stats

PercentageReligion% Correct
10%Islam
90%
77%Orthodox
90%
1%Catholic
85%
1%Christian
53%
5%None
42%
2%Other
41%
4%Unknown
27%

Score Distribution

Percentile by Number Answered

Percent of People with Each Score

Your Score History

You have not taken this quiz